000 00428nam a2200157 i 4500
001 100469
003 ES-MaACL
005 20230906182700.0
007 t|
008 050928s1918 xxu ||||1| eng d
100 1 _aMason, Daniel Gregory.
_978755
245 1 0 _aContemporany composers /
_cDaniel Gregory Mason.
260 _aNew York :
_bMacmillan Company,
_c1918.
300 _a290 p. ;
_c19 cm.
852 _aES-MaACL
_jF-8047
999 _c100469
_d100469